00313nam a2200097 a 450000500170000000800410001705000180005810000210007624500750009726000430017220140414131857.0100827s19uu xx 00 eng d aFILbAm7 2009 aAntonio, Joachim aAng ampalaya sa pinggan ni Peepo :bThe bitter gourd in Peepo's plate. aManila, Philippines :bLampara,c2009.